Biology of the invertebrates
Saved in:
| Main Author: | |
|---|---|
| Format: | Book |
| Language: | English |
| Published: |
Nueva York
McGraw-Hill
2010
|
| Edition: | 6a. ed |
| Series: | Higher Education
|
| Subjects: | |
| Tags: |
Add Tag
No Tags, Be the first to tag this record!
|
MARC
| LEADER | 00000cam a2200000 a 4500 | ||
|---|---|---|---|
| 001 | UCF9891 | ||
| 003 | CL-VaPUC | ||
| 008 | 131220e20100000us |||||||||||||||||eng|d | ||
| 020 | |a 9780071284554 | ||
| 082 | 0 | 4 | |a 592 |b PEC |2 21 |
| 100 | |a Pechenik, Jan A. |e author |9 572335 | ||
| 245 | 1 | 0 | |a Biology of the invertebrates |
| 250 | |a 6a. ed | ||
| 300 | |a 606 p | ||
| 942 | |c BK | ||
| 945 | |d 20131220 10:31:00 |a dcastane | ||
| 260 | |a Nueva York |b McGraw-Hill |c 2010 | ||
| 650 | 0 | |a Invertebrados |9 261302 | |
| 650 | 7 | |a PROTOZOOS |2 CL-VaPUC |9 346253 | |
| 650 | 0 | |a Moluscos |9 261245 | |
| 650 | 7 | |a ROTIFERAS |2 CL-VaPUC |9 453968 | |
| 650 | 0 | |a Artrópodos |9 269503 | |
| 650 | 7 | |a NEMATODOS |2 CL-VaPUC |9 395508 | |
| 583 | |a last modification |c 20131220 10:31:00 |k Rodrigo Vera | ||
| 490 | 0 | |a Higher Education | |
| 999 | |c 354270 |d 354268 | ||
| 952 | |0 0 |1 0 |3 erd |4 0 |6 592_000000000000000_PEC_2010 |7 0 |8 CCM |9 460027 |a BIBCUR |b BIBCUR |i 5035619 |l 1 |o 592 PEC 2010 |p 5035619 |r 2025-04-22 |s 2024-08-30 |w 2019-11-23 |y BK_R |z Catalogado en:20131220 |k CIM | ||